Adalet hizmetlerinde iyileştirmeler, hukuk eğitimi ve hukuk kuralları (Record no. 5673)

MARC details
000 -BAŞLIK
Sabit Uzunlukta Kontrol Alanı 00796na a2200265 4500
001 - KONTROL NUMARASI
Denetim Alanı 18689
003 - KONTROL NUMARASI IDENTIFIER
Denetim Alanı MIRAKIL
005 - SON İŞLEM TARİHİ VE ZAMANI
Denetim Alanı 20181213155044.0
008 - SABİT-BOY VERİ ELEMANLARI - GENEL BİLGİLER
Sabit Uzunlukta Kontrol Alanı 161124b tu 000 0
040 ## - KATALOGLAMA KAYNAK
Orijinal Kataloglama Ajansı Milas
Kataloglama Dili tur
Metne Dönüştürmek Ajansı TR-AnCHP
041 ## - DİL KODU
Metin / Ses Parça Veya Ayrı Başlığın Dil Kodu tur
082 ## - DEWEY ONLU SINIFLANDIRMA NUMARASI
Sınıflandırma Numarası 340.115
Ürün Numarası A22 1991
090 ## - SINIFLAMA NUMARASI
Sınıflama Numarası 340.115 A22 1991
245 ## - BAŞLIK TABLOSU
Başlık Adalet hizmetlerinde iyileştirmeler, hukuk eğitimi ve hukuk kuralları
Sorumluluk Tablosu, Vb Devlet Planlama Teşkilatı (DPT)
260 ## - YAYIN, DAĞITIM, VB
Yayın, Dağıtım, Vb Yeri Ankara
Yayıncı, Dağıtıcı, Vs Adı DPT
Yayın, Dağıtım, Vb Tarihi 1991
300 ## - FİZİKSEL TANIM
Kapsam 58 s.
Diğer Fiziksel Ayrıntıları tbl.; grf.
Boyutlar 24 sm.
440 ## - SERİSİ TABLOSU / KATMA GİRİŞİ - BAŞLIK
Başlık DPT
Uluslararası Standart Süreli Yayın Numarası 2258
490 ## - SERİSİ TABLOSU
Seri Beyanı KB
Hacim / Ardışık Tanımı 566
650 ## - KONU KATMA GİRİŞ - TOPİKAL DÖNEM
Topikal Süreli Veya Coğrafi Ad Giriş Elemanı Hukuk
Genel Alt Bölümü Eğitim
650 ## - KONU KATMA GİRİŞ - TOPİKAL DÖNEM
Topikal Süreli Veya Coğrafi Ad Giriş Elemanı Hukuk
Genel Alt Bölümü Adalet dağıtımı
710 ## - KATMA GİRİŞ - KURUMSAL ADI
Giriş Elemanı Olarak Kurumsal Ad Veya Yargı Alanı Adı Devlet Planlama Teşkilatı (DPT)
830 ## - SERİSİ EKLENDİ GİRİŞ - ÜNİFORM ADI
Üniforma Başlık Koordinasyon Başkanlığı
830 ## - SERİSİ EKLENDİ GİRİŞ - ÜNİFORM ADI
Üniforma Başlık Devlet Planlama Teşkilatı Yayınları
942 ## - EKLENDİ GİRİŞ ELEMANLARI (KOHA)
Sınıflandırma Veya Raf Düzeni Kaynak Dewey Decimal Classification
Koha Öğesi Türü Books
999 ## - SİSTEM KONTROL NUMARALARI (KOHA)
Koha Biblionumber 5673
Koha Biblioitemnumber 5673
Holdings
Kalıcı Konum Mevcut Konum Edinme Tarihi Edinim Kaynak Toplam Check-Out'Lar Tam Çağrı Numarası Barkod Tarih Son Görülme İtibaren Geçerli Fiyatlar Koha Öğesi Türü
CHP Kütüphanesi CHP Kütüphanesi 11/24/2016 Bağış   340.115 A22 1991 008872 11/24/2016 11/24/2016 Books